International management and production (Registro nro. 11716)

Detalles MARC
000 -CABECERA
Longitud fija campo de control 00656pam a2200205 a 4500
001 - NÚMERO DE CONTROL
Número de control 3872762
003 - IDENTIFICADOR DELl NÚMERO DE CONTROL
Identificador del número de control OSt
005 - FECHA Y HORA DE LA ÚLTIMA TRANSACCIÓN
Fecha y hora de la última transacción 20150810180019.0
008 - CÓDIGOS DE INFORMACIÓN DE LONGITUD FIJA
Códigos de información de longitud fija 890417s1990 usa eng
020 ## - NÚMERO INTERNACIONAL NORMALIZADO PARA LIBROS
Número Internacional Normalizado para Libros (ISBN) 0-8306-7391-1
040 ## - FUENTE DE LA CATALOGACIÓN
Centro catalogador de origen DLC
Centro transcriptor BMC
Centro modificado DLC
082 ## - NÚMERO DE LA CLASIFICACIÓN DECIMAL DEWEY
Númeroo de clasificación 658.04
100 1# - PUNTO DE ACCESO PRINCIPAL-NOMBRE DE PERSONA
Nombre de persona Plenert, Gerhard Johannes
9 (RLIN) 21315
245 10 - MENCIÓN DE TÍTULO
Título International management and production
Resto del título : survival techniques for corporate America
Mención de responsabilidad, etc. Gerhard Johannes Plenert
250 ## - MENCIÓN DE EDICIÓN
Mención de edición 1st ed., 1st printing
260 ## - PUBLICACIÓN, DISTRIBUCIÓN, ETC. (PIE DE IMPRENTA)
Lugar de publicación, distribución, etc. [Pensilvania]
Nombre del editor, distribuidor, etc. TAB Professional and Reference Books
Fecha de publicación, distribución, etc. cop. 1990
300 ## - DESCRIPCIÓN FÍSICA
Extensión XIV, 184 p.
Otras características físicas il.
Dimensiones 24 cm
650 24 - PUNTO DE ACCESO ADICIONAL DE MATERIA - TÉRMINO DE MATERIA
9 (RLIN) 3341
Término de materia o nombre geográfico como elemento inicial Gestión de empresas
942 ## - ENTRADA DE ELEMENTOS AGREGADOS (KOHA)
Fuente de clasificaión o esquema Dewey Decimal Classification
Koha [por defecto] tipo de item 1- Monografias
Existencias
Suprimido Perdido Fuente de clasificación o esquema Estropeado Restricciones de uso No para préstamo Código de colección Localización permanente Localización actual Localización en estanter&íacute;as Fecha adquisición Fuente de adquisición Número de inventario Préstamos totales Signatura completa Código de barras Fecha última consulta Coste, precio reemplazado Fecha del precio de reemplazo Tipo de item de Koha
NULL NULL Dewey Decimal Classification NULL Prestable NULL NULL Biblioteca Miguel de Cervantes - UNICAES Biblioteca Miguel de Cervantes - UNICAES Sala Principal 28/01/2005 Donación - Ciudad de los Niños 018522   658.04 PLE int 1018865 30/06/2014 22.96 30/06/2014 1- Monografias